TEACHING URBAN MORPHOLOGY (Record no. 13038)

000 -LEADER
fixed length control field 00257 a2200109 4500
008 - FIXED-LENGTH DATA ELEMENTS--GENERAL INFORMATION
fixed length control field 250206b ||||| |||| 00| 0 eng d
020 ## - INTERNATIONAL STANDARD BOOK NUMBER
International Standard Book Number 9783030094096
100 ## - MAIN ENTRY--PERSONAL NAME
Personal name VITOR OLIVEIRE
245 ## - TITLE STATEMENT
Title TEACHING URBAN MORPHOLOGY
260 ## - PUBLICATION, DISTRIBUTION, ETC. (IMPRINT)
Name of publisher, distributor, etc SPRINGER
942 ## - ADDED ENTRY ELEMENTS (KOHA)
Source of classification or shelving scheme
Holdings
Withdrawn status Lost status Source of classification or shelving scheme Damaged status Koha normalized classification for sorting Not for loan Permanent location Current location Date acquired Source of acquisition Cost, normal purchase price Full call number Barcode Date last seen Cost, replacement price Price effective from Koha item type
        307_121600000000000   BMS College of Architecture, Design and Planning BMS College of Architecture, Design and Planning 2025-02-06 1 11411.29 307.1216 AR-UG4751 2025-02-06 15215.05 2025-02-06 B.PLAN
Copyright © 2025, The Librarian, Library and Information Centre, BMSCA D&P, Bengaluru. All Rights Reserved
web counter

Powered by Koha